000 00598nas a2200217 4500
001 BR4800142
003 BR-BrBNA
005 20231205081903.0
007 ta
008 230509b bl.|||p| |||| 00| 00por d
040 _aBR-BrBNA
_bpor
_cBiblioteca Nacional de Agricultura
041 _a(Pt)
072 _aE15
100 1 _aFrola, F.
245 1 _aAs cooperativas de producao
650 _aMicroeconomia
650 _aCooperativa de produtores
773 0 _tCooperacao (Brazil)
_x
_g(Dec 1948), v. 13(77) p. 26-28
_wBR4800142
909 _a202311
_bLúcia
_c55
_dLúcia Elande
942 _2AGRIS
_n0
_cANA
999 _c87573
_d87573